[Event "Hessen-chC"]
[Site "Frankfurt"]
[Date "2018.05.10"]
[Round "1"]
[White "Schmidt, Jeremy"]
[Black "Giebitz, Walter"]
[Result "0-1"]
[WhiteElo "1161"]
[BlackElo "1476"]
[PlyCount "82"]
[EventDate "2018.05.10"]
[EventType "swiss"]
[EventRounds "7"]
[EventCountry "GER"]
[SourceTitle "EXT 2019"]
[Source "ChessBase"]
[SourceDate "2018.10.10"]
[SourceVersion "1"]
[SourceVersionDate "2018.10.10"]
[SourceQuality "1"]

1. e4 e5 2. Nf3 d6 3. d4 f6 4. d5 c6 5. c4 Ne7 6. Nc3 Ng6 7. Bd3 Be7 8. 0-0 0-0 9. Be3 f5 10. exf5 Bxf5 11. Bxf5 Rxf5 12. Qd3 Qf8 13. Bd2 Nd7 14. Ne4 Rc8 15. Rac1 h6 16. Bb4 c5 17. Ba3 Nf4 18. Qe3 Nf6 19. Nxf6+ Rxf6 20. Rc3 Rg6 21. g3 Qf5 22. Kh1 Qg4 23. Ne1 Nh5 24. Rg1 Bg5 25. Qf3 Qxf3+ 26. Nxf3 Rf8 27. h4 Be7 28. b3 Nf6 29. Bc1 Ne4 30. Re3 Nxf2+ 31. Kg2 Ng4 32. Re2 Nf6 33. Rf1 Nh5 34. Kh3 Rxg3+ 35. Kh2 Rgxf3 36. Rg1 Rf2+ 37. Rxf2 Rxf2+ 38. Kh1 Rf6 39. Kh2 Nf4 40. Rf1 Nd3 41. Rxf6 Bxf6 0-1

[Event "Heusenstamm Sparkassen op U14 4th"]
[Site "Heusenstamm"]
[Date "2017.11.25"]
[Round "2"]
[White "Sharma, Aarush"]
[Black "Schmidt, Jeremy"]
[Result "1-0"]
[WhiteElo "1054"]
[BlackElo "1174"]
[PlyCount "89"]
[EventDate "2017.11.24"]
[EventType "swiss"]
[EventRounds "5"]
[EventCountry "GER"]
[SourceTitle "EXT 2019"]
[Source "ChessBase"]
[SourceDate "2018.10.10"]
[SourceVersion "1"]
[SourceVersionDate "2018.10.10"]
[SourceQuality "1"]

1. e4 e5 2. Nf3 Nc6 3. Bc4 Bc5 4. c3 d6 5. d4 exd4 6. cxd4 Bb4+ 7. Bd2 Nf6 8. Qa4 Bxd2+ 9. Nbxd2 Bd7 10. Qc2 Qe7 11. 0-0 0-0 12. Rfe1 Be6 13. d5 Ne5 14. dxe6 fxe6 15. Nxe5 dxe5 16. Qb3 Rae8 17. Red1 Ng4 18. Nf3 Rf6 19. h3 Nh6 20. Nxe5 Qc5 21. Nf3 Qe7 22. Qxb7 Ref8 23. Bb5 Rxf3 24. gxf3 Qg5+ 25. Kf1 Qf4 26. Rd3 c6 27. Rd7 Nf7 28. Bxc6 Rb8 29. Qc7 Qxc7 30. Rxc7 g5 31. Rxa7 Rxb2 32. a4 Rc2 33. Bd7 Ne5 34. Bxe6+ Kh8 35. Ra8+ Kg7 36. Ra3 Rc1+ 37. Kg2 Rc6 38. Bd5 Rc5 39. a5 Ng6 40. a6 Rc2 41. a7 Nf4+ 42. Kg3 Nh5+ 43. Kg4 Kg6 44. Rg8+ Ng7 45. Ra6+ 1-0

[Event "Hessen-ch U12"]
[Site "Bad Homburg"]
[Date "2015.04.03"]
[Round "9"]
[White "Greb, Lennart"]
[Black "Schmidt, Jeremy"]
[Result "1-0"]
[WhiteElo "1038"]
[BlackElo "802"]
[PlyCount "31"]
[EventDate "2015.03.30"]
[EventType "swiss"]
[EventRounds "9"]
[EventCountry "GER"]
[SourceTitle "EXT 2017"]
[Source "ChessBase"]
[SourceDate "2016.10.25"]
[SourceVersion "1"]
[SourceVersionDate "2016.10.25"]
[SourceQuality "1"]

1. Nf3 d5 2. b3 Nc6 3. Bb2 Nf6 4. e3 Bf5 5. Bb5 e6 6. Ne5 Qd6 7. d4 Qb4+ 8. Nc3 Ne4 9. a3 Nxc3 10. axb4 Nxd1 11. Kxd1 0-0-0 12. Nxc6 bxc6 13. Bxc6 Bxb4 14. Rxa7 Bxc2+ 15. Kxc2 Kb8 16. Ra8# 1-0